Slovensko v obrazoch. História

Gespeichert in:
Bibliographische Detailangaben
1. Verfasser: Kučera, Matúš (Verfasst von)
Format: Buch
Sprache:Slowakisch
Veröffentlicht: Martin : Osveta, 1990
Ausgabe:1. vyd
Schlagworte:
Tags: Tag hinzufügen
Keine Tags, Fügen Sie das erste Tag hinzu!

MARC

LEADER 00000nam a22000003a 4500
001 stu11246
005 20150617225805.1
008 950314s1990----cs------------------slo-d
040 |a STU  |b slo 
041 0 |a slo 
044 |a cs 
100 1 |a Kučera, Matúš  |4 aut 
245 1 |a Slovensko v obrazoch. História 
250 |a 1. vyd 
260 |a Martin :  |b Osveta,  |c 1990 
300 |a 370 s 
650 7 |a dejiny Slovenska  |2 stusub 
650 7 |a história  |2 stusub 
650 7 |a Slovensko-dejiny  |2 stusub 
996 |b 284AU02715  |c A*1960 U  |l AAKNST  |s P  |a 0  |w stu11246_0001